| 000 | 00486nam a22001577a 4500 | ||
|---|---|---|---|
| 003 | macl | ||
| 005 | 20190922114739.0 | ||
| 008 | 190922b xxu||||| |||| 00| 0 eng d | ||
| 040 | _cmacl | ||
| 082 | _a891.433/SAX/S | ||
| 100 |
_aसक्सेना ,बन्दना _976749 |
||
| 245 | _aबायकाट | ||
| 260 |
_aदिल्ली _bआर्यन पब्लिकेशन _c2017 |
||
| 651 |
_aकहानी संग्रह _976750 |
||
| 942 |
_2ddc _cHIN |
||
| 999 |
_c61067 _d61067 |
||